00711 2200253 4500001002100000005001500021035002000036007000300056008004100059020002200100082001000122084001600132100001200148245010200160250001000262260004800272300003400320500001100354650002600365504003000391520001400421990001100435990001100446INLIS00000000000455920191202102928 a0010-1219000011ta191202 g 0 ind  a978-602-6751-01-0 a302.2 a302.2 SUC p0 aSUCIATI1 aPsikologi Komunikasi :bSebuah Tinjauan Teoritis dan Perspektif Islam /cSuciati; editor, Suciati acet.3 aYogyakarta :bBuku Litera Yogyakarta,c2018 axii, 303 hlm :bilus ;c23 cm aIndeks 4aSOSIOLOGI. KOMUNIKASI aBibliografi.: hlm.287-292 aGlosarium a7232 a a7232 b